Transborder governance of forests, rivers, and seas / (Record no. 5876)

MARC details
000 -LEADER
fixed length control field 01431cam a2200349 a 4500
001 - CONTROL NUMBER
control field 16313015
003 - CONTROL NUMBER IDENTIFIER
control field OSt
005 - DATE AND TIME OF LATEST TRANSACTION
control field 20171107185913.0
008 - FIXED-LENGTH DATA ELEMENTS--GENERAL INFORMATION
fixed length control field 100701s2010 dcuab b 001 0 eng
010 ## - LIBRARY OF CONGRESS CONTROL NUMBER
LC control number 2010027722
020 ## - INTERNATIONAL STANDARD BOOK NUMBER
International Standard Book Number 9781849712231 (hardback)
040 ## - CATALOGING SOURCE
Original cataloging agency DLC
Transcribing agency DLC
Modifying agency DLC
082 00 - DEWEY DECIMAL CLASSIFICATION NUMBER
Classification number 333.75
Edition number 22
Item number TRA 2010
245 00 - TITLE STATEMENT
Title Transborder governance of forests, rivers, and seas /
Statement of responsibility, etc. edited by Wil de Jong, Denyse Snelder, and Noboru Ishikawa.
260 ## - PUBLICATION, DISTRIBUTION, ETC. (IMPRINT)
Place of publication, distribution, etc. Washington, DC :
Name of publisher, distributor, etc. Earthscan,
Date of publication, distribution, etc. 2010.
300 ## - PHYSICAL DESCRIPTION
Extent xvii, 217 p. :
Other physical details ill., maps ;
Dimensions 25 cm.
504 ## - BIBLIOGRAPHY, ETC. NOTE
Bibliography, etc Includes bibliographical references (p. [181]-203) and index.
650 #0 - SUBJECT ADDED ENTRY--TOPICAL TERM
Topical term or geographic name as entry element Conservation of natural resources
General subdivision International cooperation.
9 (RLIN) 12244
650 #0 - SUBJECT ADDED ENTRY--TOPICAL TERM
Topical term or geographic name as entry element Conservation of natural resources
General subdivision International cooperation
Form subdivision Case studies.
9 (RLIN) 12245
650 #0 - SUBJECT ADDED ENTRY--TOPICAL TERM
Topical term or geographic name as entry element Forest conservation.
9 (RLIN) 1191
650 #0 - SUBJECT ADDED ENTRY--TOPICAL TERM
Topical term or geographic name as entry element Forest conservation
Form subdivision Case studies.
9 (RLIN) 12246
650 #0 - SUBJECT ADDED ENTRY--TOPICAL TERM
Topical term or geographic name as entry element Stream conservation.
9 (RLIN) 12247
650 #0 - SUBJECT ADDED ENTRY--TOPICAL TERM
Topical term or geographic name as entry element Stream conservation
Form subdivision Case studies.
9 (RLIN) 12248
650 #0 - SUBJECT ADDED ENTRY--TOPICAL TERM
Topical term or geographic name as entry element Marine resources conservation.
9 (RLIN) 12249
650 #0 - SUBJECT ADDED ENTRY--TOPICAL TERM
Topical term or geographic name as entry element Marine resources conservation
Form subdivision Case studies.
9 (RLIN) 12250
700 1# - ADDED ENTRY--PERSONAL NAME
Personal name Jong, Wil de.
9 (RLIN) 12251
700 1# - ADDED ENTRY--PERSONAL NAME
Personal name Snelder, Denyse J.
9 (RLIN) 12252
700 1# - ADDED ENTRY--PERSONAL NAME
Personal name Ishikawa, Noboru.
9 (RLIN) 12253
906 ## - LOCAL DATA ELEMENT F, LDF (RLIN)
a 7
b cbc
c orignew
d 1
e ecip
f 20
g y-gencatlg
942 ## - ADDED ENTRY ELEMENTS (KOHA)
Source of classification or shelving scheme Dewey Decimal Classification
Koha item type Open Shelf
Holdings
Withdrawn status Lost status Source of classification or shelving scheme Damaged status Not for loan Home library Current library Date acquired Source of acquisition Inventory number Total Checkouts Full call number Barcode Date last seen Price effective from Koha item type
    Dewey Decimal Classification     MUST Main Library MUST Main Library 07/11/2017   2011/34909   333.75 TRA 2010 2017-0881 07/11/2017 07/11/2017 Open Shelf
    Dewey Decimal Classification     MUST Main Library MUST Main Library 11/03/2021 Donation 11/34910   333.75 TRA 2010 2021-0257 11/03/2021 11/03/2021 Open Shelf